| 000 | 00751nam a2200253Ia 4500 | ||
|---|---|---|---|
| 003 | OSt | ||
| 005 | 20220928114156.0 | ||
| 006 | a|||||r|||| 00| 0 | ||
| 007 | ta | ||
| 008 | 220927b |||||||| |||| 00| 0 eng d | ||
| 020 | _c2000 | ||
| 024 | _a100459 | ||
| 037 |
_b378, 16/09/2009, Pioneer Book Distributors _cTextual |
||
| 040 |
_aSDCL _cSDCL _beng |
||
| 041 |
_2eng _aeng |
||
| 082 | _aV4315'P, P9 | ||
| 100 |
_aSwann Wim _9437294 |
||
| 245 | 0 |
_a21st-century Cambodia _b View and vision. |
|
| 260 |
_aNew Delhi _bGlobal Vision Publishing House _c2009 |
||
| 300 |
_aviii,288p _ccm. |
||
| 650 | _aHistory | ||
| 942 |
_hV4315'P, P9 _cTEXL _2CC |
||
| 999 |
_c753249 _d753249 |
||